Discurso pronunciado por el Excmo. Sr. D. Manuel Silvela, presidente de la Academia Matritense de Jurisprudencia y Legislación, en la sesión inaugural del curso de 1880 a 1881, celebrada el 15 de noviembre de 1880. (Record no. 173690)

MARC details
000 -LEADER
campo de control de longitud fija 01276nam a2200253 i 4500
001 - NÚMERO DE CONTROL
campo de control 173690
003 - IDENTIFICADOR DE NÚMERO DE CONTROL
campo de control ES-MaACL
005 - FECHA Y HORA DE LA ÚLTIMA TRANSACCIÓN
campo de control 20250921063038.0
008 - DATOS DE LONGITUD FIJA--INFORMACIÓN GENERAL
campo de control de longitud fija 100111s1880 sp |||| | spa d
080 ## - NÚMERO DE LA CLASIFICACIÓN DECIMAL UNIVERSAL
Número de la Clasificación Decimal Universal 343.811
100 1# - ENTRADA PRINCIPAL--NOMBRE DE PERSONA
Nombre de persona Silvela, Manuel,
Fechas asociadas al nombre 1830-1892
9 (RLIN) 141412
245 10 - MENCIÓN DEL TÍTULO
Título Discurso pronunciado por el Excmo. Sr. D. Manuel Silvela, presidente de la Academia Matritense de Jurisprudencia y Legislación, en la sesión inaugural del curso de 1880 a 1881, celebrada el 15 de noviembre de 1880.
260 ## - PUBLICACIÓN, DISTRIBUCIÓN, ETC.
Lugar de publicación, distribución, etc. Madrid :
Nombre del editor, distribuidor, etc. [s.n.],
Fecha de publicación, distribución, etc. 1880 (
Fabricante Imp. del Ministerio de Gracia y Justicia)
300 ## - DESCRIPCIÓN FÍSICA
Extensión 16 p. ;
Dimensiones 22 cm.
594 ## - Nota al título y mención de responsabilidad
Nota al título y mención de responsabilidad Tema: La reforma penitenciaria.
650 ## - PUNTO DE ACCESO ADICIONAL DE MATERIA--TÉRMINO DE MATERIA
Término de materia o nombre geográfico como elemento de entrada Derecho penitenciario-
Subdivisión geográfica España.
9 (RLIN) 176229
710 2# - ENTRADA AGREGADA--NOMBRE DE ENTIDAD CORPORATIVA
Nombre de entidad corporativa o nombre de jurisdicción como elemento de entrada Academia Matritense de Jurisprudencia y Legislación.
9 (RLIN) 1204
852 ## - LOCALIZACIÓN
Ubicación ES-MaACL
Número de control de estantería T-352-F-3
852 ## - LOCALIZACIÓN
Ubicación ES-MaACL
Número de control de estantería D-165(1)
Nota libre - Encuadernado en vol. facticio, en el lomo: Estudios penitenciarios, 5
-- .- Donativo Lastres
852 ## - LOCALIZACIÓN
Ubicación ES-MaACL
Número de control de estantería D-165(8)
Nota libre - Encuadernado en vol. facticio, en el lomo: Estudios penitenciarios, 5
-- .- Donativo Lastres
-- . - Dedicatoria autógrafa del autor al Sr. Lastres
condición física - Ejemp. sin port.
852 ## - LOCALIZACIÓN
Ubicación ES-MaACL
Número de control de estantería T-356-F-10
852 ## - LOCALIZACIÓN
Ubicación ES-MaACL
Número de control de estantería T-381-F-20
Holdings
Estatus retirado Estado de pérdida Estado de daño No para préstamo Colección Biblioteca de origen Biblioteca actual Ubicación en estantería Fecha de adquisición Fuente de adquisición Total de préstamos Signatura topográfica completa Código de barras Visto por última vez Precio de reemplazo Tipo de ítem Koha
        Colección de folletos Biblioteca del Ateneo de Madrid Biblioteca del Ateneo de Madrid Depósito folletos 12/01/2010     T-356-F-10 1182300 23/02/2023 23/02/2023 Folleto
        Colección de folletos Biblioteca del Ateneo de Madrid Biblioteca del Ateneo de Madrid Depósito folletos 12/01/2010     T-381-F-20 1182311 23/02/2023 23/02/2023 Folleto
        Colección de folletos Biblioteca del Ateneo de Madrid Biblioteca del Ateneo de Madrid Depósito folletos 11/01/2010     T-352-F-3 1182280 23/02/2023 23/02/2023 Folleto
        Libros del s. XIX Biblioteca del Ateneo de Madrid Biblioteca del Ateneo de Madrid Sala Valle Inclán 11/01/2010     D-165(1) 901182285 23/02/2023 23/02/2023 Libro impreso antiguo
        Libros del s. XIX Biblioteca del Ateneo de Madrid Biblioteca del Ateneo de Madrid Sala Valle Inclán 11/01/2010     D-165(8) 901182290 23/02/2023 23/02/2023 Libro impreso antiguo